000 00572nam a2200169Ia 4500
008 180921t2018 xxu||||| |||| 00| 0 sin d
041 _asin
080 _a8-31
_bබ්‍රොන්ටෙ
100 _aබ්‍රොන්ටෙ, චාලට්
245 _aජේන් අයර්
260 _bඅරටුව ප්‍රකාශන
_aමීගමුව
_c2018
300 _aසෙ.මි.21, පි.299
700 _aහස්තික පොල්වත්තගේ
_eඅනු.
942 _cBK
999 _c11128
_d11128
003 LK-CoDNM
040 _aLK-CoDNM
_dLK-CoDNM
_eLK-CoDNM